Estadísticas para Películas de Pedro Almodóvar

Haz click aquí para intentar la prueba.

Estadísticas generales

  • Esta prueba ha sido intentada 35 veces
  • La puntuación promedio es 9 de 22

Estadísticas de respuestas

AñoPelícula% Correcto
2006Volver
83%
1999Todo sobre mi madre
80%
1988Mujeres al borde de un ataque de nervios
77%
2011La piel que habito
67%
2019Dolor y gloria
57%
1993Kika
50%
1989¡Átame!
47%
2021Madres paralelas
47%
1991Tacones lejanos
47%
1980Pepi, Luci, Bom y otras chicas del montón
43%
2002Hable con ella
40%
1983Entre tinieblas
33%
2013Los amantes pasajeros
33%
1997Carne trémula
30%
2004La mala educación
30%
2016Julieta
27%
1987La ley del deseo
27%
1995La flor de mi secreto
23%
1986Matador
23%
2009Los abrazos rotos
20%
1984¿Qué he hecho yo para merecer esto?
20%
1982Laberinto de pasiones
17%

Distribución de puntuación

Porcentaje por número respondido

Porcentaje de gente con cada puntuación

Historial de tus puntuaciones

No has intentado esta prueba.